Music Quiz

Random Music Quiz
Score 0/137 Timer 10:00
0 Plays Today
Lyrics % Correct
Best
100%
friend
100%
Best
100%
friend
100%
best
100%
best
100%
Best
100%
friend
100%
Best
100%
friend
100%
Best
100%
friend
100%
Best
100%
friend
100%
best
100%
best
100%
friend
100%
Best
100%
I
97.5%
I
97.5%
I
97.5%
I
97.5%
I
97.5%
I
97.5%
I
97.5%
I'm
92.5%
into
92.5%
it
92.5%
I'm
92.5%
into
92.5%
it
92.5%
I'm
92.5%
into
92.5%
it
92.5%
We
92.5%
I'm
92.5%
into
92.5%
it
92.5%
And
92.5%
I'm
92.5%
into
92.5%
it
92.5%
the
92.5%
the
92.5%
I'm
92.5%
into
92.5%
Lyrics % Correct
it
92.5%
I'm
92.5%
into
92.5%
it
92.5%
I'm
92.5%
into
92.5%
it
92.5%
We
92.5%
we
92.5%
I'm
92.5%
into
92.5%
it
92.5%
I'm
92.5%
into
92.5%
it
92.5%
I'm
92.5%
into
92.5%
it
92.5%
We
92.5%
I'm
92.5%
into
92.5%
it
92.5%
And
92.5%
I'm
92.5%
into
92.5%
it
92.5%
the
92.5%
the
92.5%
it
92.5%
into
92.5%
I'm
92.5%
I'm
92.5%
it
92.5%
into
92.5%
And
92.5%
we
92.5%
limitless
87.5%
what
87.5%
what
87.5%
what
87.5%
limitless
87.5%
limitless
87.5%
what
87.5%
what
87.5%
can
80%
say
80%
Lyrics % Correct
can
80%
say
80%
can
80%
say
80%
can
80%
say
80%
don't
77.5%
care
77.5%
don't
77.5%
care
77.5%
don't
77.5%
care
77.5%
don't
77.5%
care
77.5%
care
77.5%
don't
77.5%
We're
75%
friends
75%
We're
75%
friends
75%
yea
75%
We're
75%
friends
75%
We're
75%
friends
75%
So
70%
Everyday
67.5%
Everyday
67.5%
up
67.5%
Up
67.5%
Everyday
67.5%
Everyday
67.5%
Cuz
65%
yeah
65%
Cuz
65%
Cuz
65%
What's
62.5%
When
57.5%
out
57.5%
ok
57.5%
when
57.5%
When
57.5%
Fade
55%
uh
45%
It's
45%
Remove Ads.
Support Sporcle.
Get the best of Sporcle when you Go Orange. This ad-free experience offers more features, more stats, and more fun while also helping to support Sporcle. Thank you for becoming a member.

You're not logged in!

Compare scores with friends on all Sporcle quizzes.
OR
Log In

Show Comments

Extras

Created Sep 23, 2019ReportNominate
Tags:Dream, English, NCT

Top Quizzes Today


Score Distribution

Your Account Isn't Verified!

In order to create a playlist on Sporcle, you need to verify the email address you used during registration. Go to your Sporcle Settings to finish the process.

Report this User

Report this user for behavior that violates our Community Guidelines.

Details: